Topenie Arktického ľadovca, klimatické zmeny a ich dopady na migráciu bakalárska práca

Guardado en:
Detalles Bibliográficos
Autor principal: Lacušová, Sabina, 1999-
Autor Corporativo: Fakulta medzinárodných vzťahov EU. Katedra medzinárodných politických vzťahov
Otros Autores: Chuguryan, Simona, 1977-
Formato: Libro
Lenguaje:eslovaco
Publicado: Bratislava 2021
Etiquetas: Agregar Etiqueta
Sin Etiquetas, Sea el primero en etiquetar este registro!

MARC

LEADER 00000nbm a2200000 4500
001 0275443
005 20220222102515.1
041 0 |a slo 
044 |a SK 
245 1 0 |a Topenie Arktického ľadovca, klimatické zmeny a ich dopady na migráciu  |b bakalárska práca  |c Sabina Lacušová ; školiteľ: Simona Chuguryan 
264 1 |a Bratislava  |c 2021 
300 |a 64 s. 
100 1 |a Lacušová, Sabina, 1999- 
700 1 |a Chuguryan, Simona, 1977- 
710 2 |a Fakulta medzinárodných vzťahov EU. Katedra medzinárodných politických vzťahov